005020000a2200157000450024500690000065000190006965000320008865000280012065300450014804100130019370000220020670000220022870000160025010000220026677300560028810aDistribution, status and biogeography of the west Indian manatee14aBiogeografía14aDistribución geográfica14aMamíferos acuáticos gTrichechuseTrichechus manatusvmanatí0 aInglés1 aRathbun, Galen B.1 aO'Shea, Thomas J.1 aBest, R. C.1 aLefebvre, Lynn W.1 tBiogeography of the West Indies3237q567-610d1989